• 首页
  • 本馆介绍
  • 公告通知
  • 最新文献
  • 馆藏检索
  • 电子资源
  • 读者导购
  • 参考咨询
  • 我的图书馆
  • 登录
  • 详细信息显示
  • 放入我的书架
  • 预约/预借图书
  • 作者相关作品
  • 分类相关作品
  • 丛书相关作品
  • 出版社相关作品

书目信息

  • 表格格式
  • 工作单格式
  • 卡片格式
题名:
系统的书画印裱解析
    
 
作者: 田政 编著
分册:  
出版信息: 北京   北京工艺美术出版社  2009.05
页数: 180页
开本: 29cm
丛书名:
单 册:
中图分类: J212.7
科图分类:
主题词: 书画装裱--基本知识--中国 , 书画装裱
电子资源:
ISBN: 978-7-80526-797-5
000 00835nam0 22002411 450
001 004197507
005 20100713043908.0
010    @a978-7-80526-797-5@dCNY88.00
100    @a20090701d2009 em y0chiy50 ea
101 0  @achi
102    @aCN@b110000
105    @aa z 000yy
200 1  @a系统的书画印裱解析@9xi tong de shu hua yin biao jie xi@f田政编著
210    @a北京@c北京工艺美术出版社@d2009.05
215    @a180页@c图@d29cm
330    @a本书采用图文并茂的形式,以简洁的文字、明快的图示,系统地描述了书画印裱的历史、方法、工具、材料及其相互关系。并对笔、墨、纸、砚这些与书画印裱相关的工具和材料也做了系统的介绍。
606 0  @a书画装裱@x基本知识@y中国
606 0  @a书画装裱
690    @aJ212.7@v5
701  0 @a田政@9tian zheng@4编著
801  0 @aCN@b91MARC@c20101222
905    @aBZT@dJ212.7@e1
906    @dCNY88.00@n0@r1
    
    系统的书画印裱解析/田政编著.-北京:北京工艺美术出版社,2009.05
    180页:图;29cm
    
    
    ISBN 978-7-80526-797-5:CNY88.00
    本书采用图文并茂的形式,以简洁的文字、明快的图示,系统地描述了书画印裱的历史、方法、工具、材料及其相互关系。并对笔、墨、纸、砚这些与书画印裱相关的工具和材料也做了系统的介绍。
●
相关链接 在五车中查询图书 在当当中查询图书 在豆瓣中查询图书


正题名:系统的书画印裱解析     索取号:J212.7/1         预约/预借

序号 登录号 条形码 馆藏地/架位号 状态 备注
1 754757   2000754757   样本书库/样006架B面5层3列/ [索取号:J212.7/1] 在馆    
2 754758   2000754758   中心书库中库/ 中库016架B面2列1层4/ [索取号:J212.7/1] 在馆    
3 754760   2000754760   中心书库中库/ 中库017架A面2列2层22/ [索取号:J212.7/1] 在馆    
4 754761   2000754761   中心书库中库/ 中库016架B面2列1层5/ [索取号:J212.7/1] 在馆    
5 754762   2000754762   中心书库中库/ 中库017架A面2列2层23/ [索取号:J212.7/1] 在馆    
山东省滨州职业学院图书馆 欢迎您!
大连网信软件有限公司© 版权所有